[Event "Eveil Printanier"]
[Site "Gatineau CAN"]
[Date "2016.03.22"]
[Round "4"]
[White "Danilov, Alex"]
[Black "Rose, Richard"]
[Result "0-1"]
[WhiteElo "1781"]
[BlackElo "1882"]
[PlyCount "72"]
[EventDate "2016.03.01"]
[EventType "swiss"]
[EventRounds "5"]
[EventCountry "CAN"]

1. d4 Nf6 2. Nf3 d5 3. Bf4 e6 4. e3 Bd6 5. Ne5 O-O 6. Bd3 Nbd7 7. g4 Bxe5 8.
dxe5 Ne8 9. h4 c5 10. c3 f6 11. exf6 Qxf6 12. g5 Qf7 13. Qc2 e5 14. Bxh7+ Kh8
15. Bg6 Qe6 16. Bg3 e4 17. h5 Ne5 18. Bxe5 Qxe5 19. Nd2 Bg4 20. h6 Qxg5 21.
hxg7+ Kxg7 22. Bxe4 dxe4 23. Qxe4 Nf6 24. Qxb7+ Kg8 25. Ne4 Bf3 26. Qb3+ c4 27.
Qxc4+ Qd5 28. Nxf6+ Rxf6 29. Rg1+ Kf8 30. Qb4+ Qd6 31. Qb3 Rf7 32. Qb4 Rd8 33.
Qd4 Rf6 34. c4 Qb4+ 35. Qc3 Qxc3+ 36. bxc3 Rfd6 0-1

[Event "Eveil Printanier"]
[Site "Gatineau CAN"]
[Date "2016.03.22"]
[Round "4"]
[White "Latreille, Etienne"]
[Black "Raymond, Daniel"]
[Result "0-1"]
[WhiteElo "1496"]
[BlackElo "1794"]
[PlyCount "92"]
[EventDate "2016.03.01"]
[EventType "swiss"]
[EventRounds "5"]
[EventCountry "CAN"]

1. e4 c5 2. Nc3 Nc6 3. b3 Nf6 4. Bb2 e6 5. Bb5 Be7 6. Nf3 a6 7. Bxc6 dxc6 8.
Qe2 b5 9. Rd1 Qc7 10. O-O e5 11. h3 O-O 12. Nb1 Bd6 13. c3 a5 14. a3 Be6 15. c4
Rab8 16. d3 Rb7 17. Rd2 Rfb8 18. Rc1 bxc4 19. bxc4 Rb3 20. Nc3 Qb7 21. Na4 Qc7
22. Rcc2 Nd7 23. Ng5 Nf8 24. Qe3 h6 25. Nf3 Nd7 26. g4 f6 27. Nh4 Nb6 28. Nc3
Qb7 29. Nf5 Bf8 30. Qg3 Bf7 31. f4 Nd7 32. Nd1 Qc7 33. fxe5 Nxe5 34. Rc3 R3b7
35. Bc1 Qd7 36. Nb2 g6 37. Nh4 Qd4+ 38. Qf2 Qxc3 39. Rc2 Qd4 40. Be3 Qd6 41.
Bf4 Qd8 42. Bg3 Qd4 43. Bxe5 Qxf2+ 44. Rxf2 fxe5 45. Na4 Rb3 46. Rd2 Rxa3 0-1

[Event "Eveil Printanier"]
[Site "Gatineau CAN"]
[Date "2016.03.22"]
[Round "4"]
[White "Scantland, Patrick"]
[Black "Lecorre, Joel"]
[Result "1-0"]
[WhiteElo "1691"]
[BlackElo "1592"]
[PlyCount "85"]
[EventDate "2016.03.01"]
[EventType "swiss"]
[EventRounds "5"]
[EventCountry "CAN"]

1. e4 e5 2. Nf3 Nc6 3. Bb5 a6 4. Ba4 Nf6 5. O-O b5 6. Bb3 Be7 7. Re1 O-O 8. c3
d5 9. exd5 Nxd5 10. Nxe5 Nxe5 11. Rxe5 c6 12. d4 Bd6 13. Bg5 Qc7 14. Re1 Bxh2+
15. Kf1 Bd6 16. Nd2 Bf5 17. Qf3 Be6 18. Rac1 Bf4 19. Bxf4 Nxf4 20. c4 bxc4 21.
Nxc4 Bd5 22. Qg3 Rae8 23. Rxe8 Rxe8 24. Ne3 Bxb3 25. axb3 Rc8 26. d5 c5 27. Nf5
Ng6 28. Qxc7 Rxc7 29. d6 Rd7 30. Rxc5 Rd8 31. g3 Nf8 32. Ra5 g6 33. Ne7+ Kg7
34. Rxa6 Ne6 35. b4 Kf6 36. f4 Nd4 37. g4 Ke6 38. Nc6 Nxc6 39. Rxc6 Rxd6 40.
Rxd6+ Kxd6 41. g5 Kd5 42. Kf2 f5 43. gxf6 1-0

[Event "Eveil Printanier"]
[Site "Gatineau CAN"]
[Date "2016.03.29"]
[Round "5"]
[White "Jobin, Gilles G"]
[Black "Thibault, Mario"]
[Result "1-0"]
[WhiteElo "1752"]
[BlackElo "1767"]
[PlyCount "65"]
[EventDate "2016.03.01"]
[EventType "swiss"]
[EventRounds "5"]
[EventCountry "CAN"]

1. e4 c5 2. c3 g6 3. d4 cxd4 4. cxd4 d5 5. e5 Bg7 6. Nc3 Nc6 7. Nf3 Bg4 8. Be2
Bxf3 9. Bxf3 e6 10. Be3 Nge7 11. h4 Nf5 12. h5 Qb6 13. hxg6 hxg6 14. Rxh8+ Bxh8
15. Ne2 Kd7 16. Bg4 Nxe3 17. fxe3 Bg7 18. Qd2 Rh8 19. O-O-O Rc8 20. Nc3 Na5 21.
Be2 Nc4 22. Bxc4 Rxc4 23. b3 Rc7 24. Kb1 Bf8 25. Na4 Qb5 26. Qd3 Qa5 27. Qd2
Bb4 28. Qf2 Ke8 29. Rh1 Qb5 30. Rh8+ Bf8 31. Nc5 Re7 32. Qf6 Qe2 33. Rxf8+ 1-0

[Event "Eveil Printanier U1500"]
[Site "Gatineau CAN"]
[Date "2016.03.01"]
[Round "1"]
[White "Ethier, Valori"]
[Black "Legare, Gilles"]
[Result "1-0"]
[WhiteElo "1384"]
[BlackElo "1035"]
[PlyCount "91"]
[EventDate "2016.03.01"]
[EventType "swiss"]
[EventRounds "5"]
[EventCountry "CAN"]

1. e4 c5 2. Nf3 Nc6 3. d4 cxd4 4. Nxd4 e5 5. Nb5 a6 6. Nd6+ Bxd6 7. Qxd6 Qe7 8.
Qc7 Nf6 9. Nc3 O-O 10. Be3 Re8 11. Rd1 Nd4 12. Bd3 Ng4 13. Nd5 Qh4 14. Bxd4
exd4 15. Qg3 Qxg3 16. hxg3 Re5 17. f4 Re8 18. Nc7 Re7 19. Nxa8 d5 20. e5 Ne3
21. Rd2 Bf5 22. Bxf5 Nxf5 23. Kf2 Re6 24. Nc7 Rg6 25. Rd3 Rc6 26. Nxd5 Rxc2+
27. Kf3 Kh8 28. Rb3 b5 29. Nb4 d3 30. Rxd3 Rc8 31. Rhd1 g6 32. Rd8+ Rxd8 33.
Rxd8+ Kg7 34. Rd7 Kf8 35. Nxa6 Ke8 36. Nc5 b4 37. g4 Ng7 38. a4 bxa3 39. bxa3
Ne6 40. Rd5 Nc7 41. Rd1 Nb5 42. a4 Nc3 43. Rd7 Kf8 44. e6 Nxa4 45. Nxa4 fxe6
46. Rxh7 1-0

[Event "Eveil Printanier U1500"]
[Site "Gatineau CAN"]
[Date "2016.03.08"]
[Round "2"]
[White "Labelle, Raymond"]
[Black "Berthiaume, Serge"]
[Result "1-0"]
[WhiteElo "1358"]
[BlackElo "1490"]
[PlyCount "142"]
[EventDate "2016.03.01"]
[EventType "swiss"]
[EventRounds "5"]
[EventCountry "CAN"]

1. e4 e6 2. d4 d5 3. e5 c5 4. c3 Nc6 5. Nf3 cxd4 6. cxd4 Qa5+ 7. Nc3 Bd7 8. Rb1
Bb4 9. Bd2 Qd8 10. Bd3 Nge7 11. O-O Ba5 12. Nb5 O-O 13. Bxh7+ Kh8 14. Bxa5 Nxa5
15. Ng5 Nf5 16. Qh5 Nh6 17. Nd6 Be8 18. b4 Nc4 19. Nxc4 f5 20. Qh4 dxc4 21. f4
Bf7 22. Rf3 Qe8 23. Rh3 Bg6 24. Bxg6 Qxg6 25. b5 Rfd8 26. Qf2 Kg8 27. Rc1 Rd5
28. a4 Rc8 29. Rhc3 Ng4 30. Qd2 Qe8 31. Rxc4 Rxc4 32. Rxc4 g6 33. Qc1 Kg7 34.
Rc8 Qe7 35. Rc7 Rd7 36. Rxd7 Qxd7 37. Nxe6+ Qxe6 38. Qc7+ Qf7 39. Qxf7+ Kxf7
40. d5 Ne3 41. d6 Ke6 42. Kf2 Nc4 43. Kf3 Nb6 44. a5 Nc4 45. a6 b6 46. g4 Na3
47. gxf5+ gxf5 48. h4 Nxb5 49. h5 Nd4+ 50. Kf2 Nc6 51. Ke3 Nd8 52. Kd4 Nc6+ 53.
Kc4 Nd8 54. Kb5 Kf7 55. Kc4 Ne6 56. Kd5 Nxf4+ 57. Kc6 Ne6 58. Kb7 f4 59. Kxa7
f3 60. Kxb6 f2 61. a7 f1=Q 62. a8=Q Qb1+ 63. Ka7 Qa2+ 64. Kb8 Qc4 65. Qb7+ Kg8
66. Qc8+ Qxc8+ 67. Kxc8 Kf7 68. Kd7 Nf8+ 69. Kc8 Ke6 70. h6 Kxe5 71. h7 Nxh7
1-0

[Event "Eveil Printanier U1500"]
[Site "Gatineau CAN"]
[Date "2016.03.08"]
[Round "2"]
[White "Legare, Gilles"]
[Black "Simard, Paul"]
[Result "1-0"]
[WhiteElo "1035"]
[BlackElo "1214"]
[PlyCount "71"]
[EventDate "2016.03.01"]
[EventType "swiss"]
[EventRounds "5"]
[EventCountry "CAN"]

1. d4 f5 2. c4 Nf6 3. e3 e6 4. Nf3 b6 5. Nc3 Bb4 6. Bd2 Bxc3 7. Bxc3 Ne4 8. Qc2
O-O 9. Bd3 Bb7 10. O-O-O Nxf2 11. Qxf2 d6 12. h4 h6 13. h5 Nd7 14. Nh4 Nf6 15.
Ng6 Ng4 16. Qg3 Rf7 17. Kb1 Nf6 18. Rhg1 Nxh5 19. Qh2 Qg5 20. Nf4 Nxf4 21. exf4
Qe7 22. g4 Bf3 23. Be2 Bxg4 24. Bxg4 fxg4 25. Rxg4 Qf6 26. Ka1 Raf8 27. a3 Qf5
28. Rdg1 c6 29. Qxh6 Qh7 30. Qxe6 Rd8 31. Rxg7+ Qxg7 32. Rxg7+ Kxg7 33. d5+ Kf8
34. f5 cxd5 35. Qxd5 Rf6 36. Bxf6 1-0

[Event "Eveil Printanier U1500"]
[Site "Gatineau CAN"]
[Date "2016.03.08"]
[Round "2"]
[White "Traversy, Pierre"]
[Black "Ethier, Valori"]
[Result "0-1"]
[WhiteElo "1235"]
[BlackElo "1384"]
[PlyCount "92"]
[EventDate "2016.03.01"]
[EventType "swiss"]
[EventRounds "5"]
[EventCountry "CAN"]

1. d4 d5 2. Nf3 Nf6 3. Nc3 Bf5 4. g3 e6 5. Bg2 Nbd7 6. Nh4 Bg6 7. Nxg6 hxg6 8.
e3 c6 9. Bd2 Bd6 10. Qe2 Qc7 11. O-O-O O-O-O 12. e4 dxe4 13. Nxe4 Nxe4 14. Bxe4
Nf6 15. Bg2 Qb6 16. Bc3 Bb4 17. Bxb4 Qxb4 18. c3 Qa5 19. Kb1 Qf5+ 20. Rd3 Ng4
21. Qf3 Nxf2 22. g4 Qxd3+ 23. Qxd3 Nxd3 24. h3 Nf4 25. Bf1 Rh4 26. Kc2 Rdh8 27.
Kd2 Nxh3 28. Ke3 g5 29. Kf3 Nf4 30. Rg1 Rh1 31. Rxh1 Rxh1 32. Bc4 Rh2 33. b4
Rc2 34. b5 Rxc3+ 35. Ke4 Rxc4 36. bxc6 bxc6 37. Ke5 Ne2 38. Ke4 Nxd4 39. Kd3
Ra4 40. Kc3 Nb5+ 41. Kb3 Rxg4 42. a4 Rxa4 43. Kc2 Rf4 44. Kd3 e5 45. Ke3 g4 46.
Kd3 g3 0-1

[Event "Eveil Printanier U1500"]
[Site "Gatineau CAN"]
[Date "2016.03.01"]
[Round "3"]
[White "Arcand, Pierre"]
[Black "Traversy, Pierre"]
[Result "0-1"]
[WhiteElo "1062"]
[BlackElo "1235"]
[PlyCount "74"]
[EventDate "2016.03.01"]
[EventType "swiss"]
[EventRounds "5"]
[EventCountry "CAN"]

1. e4 c5 2. Nf3 e6 3. Nc3 d6 4. Bb5+ Nc6 5. O-O g6 6. d4 cxd4 7. Nxd4 Bd7 8.
Nxc6 bxc6 9. Bc4 Qc7 10. Bf4 Rd8 11. Qe2 Be7 12. e5 d5 13. Bd3 f5 14. Rad1 Rb8
15. b3 c5 16. Nb5 Bxb5 17. Bxb5+ Kd8 18. Rfe1 Qb6 19. Ba4 Kc7 20. c3 Bf8 21. a3
Bg7 22. b4 Ne7 23. bxc5 Qa5 24. Bc2 Rb2 25. c4 Qxa3 26. cxd5 Nxd5 27. Qc4 Rb4
28. Ra1 Ra8 29. Bd3 Rxc4 30. Rxa3 Rxf4 31. g3 Rb4 32. Rc1 Bxe5 33. Ra6 Bd4 34.
c6 Rb2 35. Rc2 Rxc2 36. Bxc2 Nb4 37. Ba4 Nxa6 0-1

[Event "Eveil Printanier U1500"]
[Site "Gatineau CAN"]
[Date "2016.03.01"]
[Round "3"]
[White "Ethier, Valori"]
[Black "Labelle, Raymond"]
[Result "1-0"]
[WhiteElo "1384"]
[BlackElo "1358"]
[PlyCount "102"]
[EventDate "2016.03.01"]
[EventType "swiss"]
[EventRounds "5"]
[EventCountry "CAN"]

1. f4 f5 2. b3 Nf6 3. Bb2 d5 4. e3 Nc6 5. Nf3 Qd6 6. Bb5 Bd7 7. O-O a6 8. Bxc6
Bxc6 9. a4 g6 10. Qe2 Bg7 11. d3 Rg8 12. Nbd2 Ng4 13. Bxg7 Rxg7 14. h3 Nf6 15.
Ne5 Nd7 16. Ndf3 O-O-O 17. Nxd7 Bxd7 18. Ne5 h6 19. Rf2 g5 20. d4 g4 21. hxg4
fxg4 22. g3 h5 23. Raf1 Bf5 24. Rh2 Rh7 25. Rh4 Rdh8 26. Rf2 Qa3 27. Rfh2 Qc1+
28. Kf2 Qxc2 29. Kg1 Qxb3 30. a5 Qb1+ 31. Kf2 Qc2 32. Kg1 Qxe2 33. Rxe2 c6 34.
Rb2 Kc7 35. Rb6 e6 36. Rb2 Kd6 37. Rb6 Bc2 38. Rb2 Ba4 39. Nd3 Bb5 40. Ne5 c5
41. Kf2 cxd4 42. exd4 Rc8 43. Nxg4 Ke7 44. Ne5 Rch8 45. Ng6+ Kf7 46. Nxh8+ Rxh8
47. Rc2 Bc6 48. Ke3 Kf6 49. Kf2 Kf5 50. Kf3 Kg6 51. Rch2 Ba4 1-0

[Event "Eveil Printanier U1500"]
[Site "Gatineau CAN"]
[Date "2016.03.22"]
[Round "4"]
[White "Arcand, Pierre"]
[Black "Berthiaume, Serge"]
[Result "0-1"]
[WhiteElo "1062"]
[BlackElo "1490"]
[PlyCount "88"]
[EventDate "2016.03.01"]
[EventType "swiss"]
[EventRounds "5"]
[EventCountry "CAN"]

1. e4 e6 2. Nf3 c5 3. Nc3 Nc6 4. Bb5 Nd4 5. O-O Qb6 6. Bc4 a6 7. b3 Qc7 8. Ne2
Nxf3+ 9. gxf3 Bd6 10. Ng3 h5 11. Bb2 h4 12. Bxg7 Rh7 13. e5 Rxg7 14. exd6 Qxd6
15. Qe2 b5 16. Bd3 Bb7 17. Be4 hxg3 18. fxg3 Bxe4 19. Qxe4 Qc6 20. Qxc6 dxc6
21. Rfe1 Rd8 22. d3 Nf6 23. Rad1 Nd5 24. c4 Nc3 25. Rd2 b4 26. Rc1 Ke7 27. a3
Rd4 28. axb4 cxb4 29. Ra1 Rg8 30. Rxa6 Rgd8 31. Rb6 Rxd3 32. Rxd3 Rxd3 33. Rxb4
Rxf3 34. Kg2 Rd3 35. Rb6 Ne2 36. Rxc6 Rxb3 37. Rc7+ Kf6 38. c5 Rc3 39. c6 Nd4
40. h4 Nf5 41. Rc8 Rxg3+ 42. Kf2 Rc3 43. h5 Ne7 44. h6 Nxc8 0-1

[Event "Eveil Printanier U1500"]
[Site "Gatineau CAN"]
[Date "2016.03.22"]
[Round "4"]
[White "Clermont, Yves"]
[Black "Ethier, Valori"]
[Result "1-0"]
[WhiteElo "1120"]
[BlackElo "1384"]
[PlyCount "79"]
[EventDate "2016.03.01"]
[EventType "swiss"]
[EventRounds "5"]
[EventCountry "CAN"]

1. e4 c6 2. d4 d5 3. Nc3 dxe4 4. Nxe4 Bf5 5. f3 e6 6. Bf4 Nd7 7. Ne2 h6 8. Qd2
Qb6 9. O-O-O Ngf6 10. N2g3 Bh7 11. Bd6 Bxd6 12. Nxd6+ Ke7 13. Nc4 Qc7 14. Bd3
Rhd8 15. Rhe1 Kf8 16. Bxh7 Nxh7 17. Nf1 Kg8 18. h4 Nhf6 19. g4 Nh7 20. Nfe3 Qf4
21. Kb1 Qxf3 22. Rf1 Qg3 23. Rh1 Nhf6 24. Rdg1 Qc7 25. g5 Ne4 26. Qg2 Qg3 27.
Qxg3 Nxg3 28. Rxg3 h5 29. Ne5 Nb6 30. c3 Nc8 31. Rf1 Nd6 32. Rgf3 Ne4 33. Kc2
f5 34. Ng2 c5 35. Nf4 cxd4 36. Nxe6 Rd5 37. Rxf5 dxc3 38. Rf8+ Rxf8 39. Rxf8+
Kh7 40. g6+ 1-0

[Event "Eveil Printanier U1500"]
[Site "Gatineau CAN"]
[Date "2016.03.22"]
[Round "4"]
[White "Traversy, Pierre"]
[Black "Legare, Gilles"]
[Result "1-0"]
[WhiteElo "1235"]
[BlackElo "1035"]
[PlyCount "175"]
[EventDate "2016.03.01"]
[EventType "swiss"]
[EventRounds "5"]
[EventCountry "CAN"]

1. d4 d5 2. Nf3 Nf6 3. c4 e6 4. Bg5 h6 5. Bd2 Be7 6. Nc3 c6 7. Qc2 Bb4 8. g3
Ne4 9. a3 Bd6 10. Nxe4 dxe4 11. Qxe4 Nd7 12. Bg2 Nf6 13. Qd3 c5 14. dxc5 Bc7
15. Qxd8+ Bxd8 16. b4 O-O 17. Ne5 Bc7 18. Bc3 Bxe5 19. Bxe5 Ng4 20. Bd6 Re8 21.
h3 Nf6 22. Bf3 e5 23. e4 Nh7 24. Bg2 Bd7 25. O-O Ba4 26. Rac1 Nf6 27. Rfe1 b6
28. Re3 b5 29. Bf1 a6 30. cxb5 axb5 31. Kg2 Re6 32. f3 Nh5 33. Kf2 Nf6 34. h4
h5 35. Bh3 Ree8 36. Rd3 g6 37. Ke3 Kg7 38. g4 Ra7 39. g5 Nd7 40. Kd2 Nb8 41.
Bxb8 Rxb8 42. Kc3 Rbb7 43. Bc8 Rc7 44. Bh3 Ra6 45. Kd2 Raa7 46. Rcc3 Kf8 47.
Rd6 Ke7 48. Rcd3 Kf8 49. Kc1 Ra8 50. Kb2 Rca7 51. R3d5 Kg7 52. Rd7 Ra6 53. R5d6
Rxd6 54. Rxd6 Kf8 55. Bd7 Ke7 56. Rd2 Ra7 57. c6 Rc7 58. Rd5 f6 59. gxf6+ Kxf6
60. Rd6+ Ke7 61. Rxg6 Kf7 62. Rg5 Bd1 63. Rf5+ Ke7 64. Rxe5+ Kf6 65. Re6+ Kf7
66. f4 Bg4 67. Rd6 Bf3 68. e5 Ra7 69. f5 Bg4 70. Be6+ Kf8 71. Bc8 Rc7 72. Bd7
Bf3 73. Rh6 Bd5 74. Rxh5 Bxc6 75. Bxc6 Rxc6 76. Rg5 Rc4 77. h5 Rh4 78. f6 Rh2+
79. Kc3 Rh3+ 80. Kd4 Rxa3 81. e6 Rf3 82. Rg6 Rf4+ 83. Kc5 Rf5+ 84. Kd6 Rxh5 85.
f7 Rh8 86. Rg8+ Rxg8 87. fxg8=Q+ Kxg8 88. Kd7 1-0

[Event "Eveil Printanier U1500"]
[Site "Gatineau CAN"]
[Date "2016.03.29"]
[Round "5"]
[White "Ethier, Valori"]
[Black "Berthiaume, Serge"]
[Result "0-1"]
[WhiteElo "1384"]
[BlackElo "1490"]
[PlyCount "100"]
[EventDate "2016.03.01"]
[EventType "swiss"]
[EventRounds "5"]
[EventCountry "CAN"]

1. e4 c5 2. Nf3 Nc6 3. d4 cxd4 4. Nxd4 g6 5. Nc3 Bg7 6. Be3 a6 7. Be2 d6 8. Qd2
Nf6 9. O-O-O Ng4 10. Bxg4 Bxg4 11. f3 Be6 12. Nxe6 fxe6 13. Kb1 O-O 14. Bh6
Bxh6 15. Qxh6 Rf7 16. Qh3 Qc8 17. Na4 e5 18. Qxc8+ Rxc8 19. Nb6 Rd8 20. Nd5 e6
21. Nb6 Kf8 22. c3 Rc7 23. Nc4 Ke7 24. Ne3 Na5 25. Rd3 b5 26. b4 Nc4 27. Nxc4
Rxc4 28. Kb2 d5 29. exd5 Rxd5 30. Rhd1 Rxd3 31. Rxd3 e4 32. fxe4 Rxe4 33. Rd2
e5 34. Kb3 Ke6 35. Rd8 Rc4 36. a4 e4 37. axb5 axb5 38. Kc2 Ke5 39. g3 Kf5 40.
Rd5+ Kg4 41. Rd4 Kf3 42. Rd6 e3 43. Rf6+ Ke2 44. Rd6 Rc7 45. Rd3 Re7 46. Rd4
Re5 47. Kc1 Rf5 48. Kc2 Kf2 49. Rd1 e2 50. Rd2 Kf1 0-1

[Event "February TNT"]
[Site "Winnipeg CAN"]
[Date "2016.02.02"]
[Round "1.4"]
[White "Bince, Rolando"]
[Black "Bonness, Will"]
[Result "0-1"]
[WhiteElo "2024"]
[BlackElo "1697"]
[PlyCount "110"]
[EventDate "2016.02.02"]
[EventType "swiss"]
[EventRounds "4"]
[EventCountry "CAN"]

1. e4 c5 2. Nf3 g6 3. d4 cxd4 4. Qxd4 Nf6 5. e5 Nc6 6. Qc4 d5 7. Qh4 Ne4 8. Bd3
e6 9. Qxd8+ Nxd8 10. Bxe4 dxe4 11. Ng5 Bg7 12. Nxe4 Bxe5 13. f4 Bd4 14. c3 Bb6
15. b3 f5 16. Nd6+ Ke7 17. Ba3 Kf6 18. Nd2 Nf7 19. N2c4 Bc7 20. O-O Nxd6 21.
Bxd6 Bxd6 22. Nxd6 Ke7 23. Rad1 Rd8 24. Nc4 Bd7 25. Ne5 Bc6 26. Nxc6+ bxc6 27.
Kf2 Rd5 28. c4 Rd7 29. Rxd7+ Kxd7 30. Ke3 c5 31. Rd1+ Kc7 32. h3 a5 33. g4 a4
34. gxf5 exf5 35. Rd5 Kc6 36. Kd2 axb3 37. axb3 Ra2+ 38. Ke1 Rh2 39. Rd3 Kb6
40. Rf3 Ka5 41. Kd1 Kb4 42. Kc1 h5 43. Rg3 h4 44. Rxg6 Kxb3 45. Rf6 Kxc4 46.
Rxf5 Rxh3 47. Re5 Kd4 48. Re8 Rf3 49. Rd8+ Ke4 50. Rc8 Kxf4 51. Rxc5 h3 52. Kd2
h2 53. Rh5 Kg3 54. Ke2 Rf4 55. Ke3 Rf1 0-1

[Event "February TNT"]
[Site "Winnipeg CAN"]
[Date "2016.02.02"]
[Round "1.4"]
[White "Einarsson, Ken"]
[Black "Clark, Jeff"]
[Result "0-1"]
[WhiteElo "1749"]
[BlackElo "2036"]
[PlyCount "102"]
[EventDate "2016.02.02"]
[EventType "swiss"]
[EventRounds "4"]
[EventCountry "CAN"]

1. d4 Nf6 2. c4 g6 3. Nc3 d5 4. e3 Bg7 5. Nf3 O-O 6. Be2 c6 7. O-O Nbd7 8. cxd5
cxd5 9. Qb3 e6 10. Bd2 b6 11. Rac1 Bb7 12. Nb5 Ba6 13. Bb4 Re8 14. Rfe1 Bxb5
15. Bxb5 Bf8 16. Ne5 Nxe5 17. dxe5 Nd7 18. Qa4 Bxb4 19. Qxb4 Rf8 20. Qd6 Nc5
21. Qxd8 Rfxd8 22. b4 a6 23. Bc6 Rac8 24. bxc5 Rxc6 25. cxb6 Rxb6 26. Re2 Rdb8
27. g3 Rb1 28. Rxb1 Rxb1+ 29. Kg2 Rb4 30. Rc2 Kg7 31. f4 Ra4 32. Kf2 h6 33. h3
g5 34. Rd2 Kg6 35. Kf3 h5 36. g4 a5 37. Kg3 h4+ 38. Kf3 gxf4 39. exf4 Ra3+ 40.
Kg2 Rg3+ 41. Kh2 Rf3 42. f5+ exf5 43. Rxd5 Rf2+ 44. Kg1 Rxa2 45. Rd6+ Kg5 46.
gxf5 Kxf5 47. Rf6+ Kxe5 48. Rxf7 a4 49. Rh7 Kf4 50. Rxh4+ Kg3 51. Rb4 Ra1+ 0-1

[Event "February TNT"]
[Site "Winnipeg CAN"]
[Date "2016.02.02"]
[Round "1.4"]
[White "Green, Jim"]
[Black "Magyar, Peter"]
[Result "1-0"]
[WhiteElo "1855"]
[BlackElo "1530"]
[PlyCount "105"]
[EventDate "2016.02.02"]
[EventType "swiss"]
[EventRounds "4"]
[EventCountry "CAN"]

1. e4 e6 2. e5 d5 3. exd6 cxd6 4. Nf3 Nf6 5. d4 Be7 6. Bd3 b6 7. c3 Nbd7 8. O-O
a5 9. Qe2 O-O 10. Na3 Bb7 11. Re1 Bc6 12. Nb5 Nd5 13. a3 a4 14. Bd2 N7f6 15.
Rac1 Nc7 16. Nxc7 Qxc7 17. c4 Qb7 18. d5 Bd7 19. Nd4 e5 20. Bf5 Rfe8 21. Bxd7
Nxd7 22. Nc6 Bf6 23. Bc3 Nc5 24. Rcd1 g6 25. Qf3 Bg7 26. Qg3 b5 27. cxb5 Qxb5
28. h3 Nd7 29. Qg4 Nf6 30. Qb4 Qa6 31. Qxd6 Qc4 32. Qb4 Qf4 33. Qxf4 exf4 34.
d6 Nd7 35. Bxg7 Kxg7 36. Re7 Rxe7 37. dxe7 Nf6 38. Rd8 Ra6 39. Nd4 Rb6 40. e8=Q
Nxe8 41. Rxe8 Rxb2 42. Ra8 Rb1+ 43. Kh2 Re1 44. Rxa4 h5 45. Nf3 Re2 46. Ra7
Rxf2 47. a4 Kf6 48. h4 Ke6 49. Ng5+ Kf5 50. Rxf7+ Kg4 51. Nf3 Ra2 52. Ra7 g5
53. Ra5 1-0

[Event "February TNT"]
[Site "Winnipeg CAN"]
[Date "2016.02.02"]
[Round "1.4"]
[White "Leaden, Bruce"]
[Black "Prince, Colin"]
[Result "0-1"]
[WhiteElo "1545"]
[BlackElo "1914"]
[PlyCount "26"]
[EventDate "2016.02.02"]
[EventType "swiss"]
[EventRounds "4"]
[EventCountry "CAN"]

1. e4 e5 2. Nf3 Nc6 3. d4 exd4 4. Bc4 Be7 5. c3 dxc3 6. Qd5 Nh6 7. Bxh6 O-O 8.
Bc1 Nb4 9. Qd3 Nxd3+ 10. Bxd3 cxb2 11. Bxb2 Bb4+ 12. Nbd2 d5 13. O-O Bxd2 0-1

[Event "February TNT"]
[Site "Winnipeg CAN"]
[Date "2016.02.02"]
[Round "1.4"]
[White "Letain, Cory"]
[Black "Wolchock, Theo"]
[Result "0-1"]
[WhiteElo "1948"]
[BlackElo "1614"]
[PlyCount "76"]
[EventDate "2016.02.02"]
[EventType "swiss"]
[EventRounds "4"]
[EventCountry "CAN"]

1. d4 Nf6 2. c4 e5 3. dxe5 Ng4 4. Nf3 Bc5 5. e3 Nc6 6. e6 fxe6 7. Nc3 a5 8. Be2
O-O 9. O-O b6 10. b3 Bd6 11. h3 Nge5 12. Bb2 Bb7 13. Nb5 Nxf3+ 14. Bxf3 Be7 15.
Nd4 Nxd4 16. Bxb7 Rb8 17. Bxd4 Rxb7 18. Qg4 Bf6 19. Rad1 Qe7 20. Bxf6 Rxf6 21.
Rd2 Rb8 22. Rfd1 d6 23. e4 Rg6 24. Qe2 Qg5 25. f3 e5 26. a3 Rh6 27. Kh2 Rf8 28.
b4 Qf4+ 29. Kh1 Qg3 30. Qf1 Rxf3 31. Qxf3 Rxh3+ 32. Kg1 Qh2+ 33. Kf2 Rxf3+ 34.
Kxf3 Qf4+ 35. Ke2 Qxe4+ 36. Kf2 Qxc4 37. bxa5 Qc5+ 38. Kf1 Qxa5 0-1

[Event "February TNT"]
[Site "Winnipeg CAN"]
[Date "2016.02.02"]
[Round "1.4"]
[White "Russo, Max"]
[Black "Le Dorze, Phil"]
[Result "1-0"]
[WhiteElo "1479"]
[BlackElo "1850"]
[PlyCount "81"]
[EventDate "2016.02.02"]
[EventType "swiss"]
[EventRounds "4"]
[EventCountry "CAN"]

1. d4 Nf6 2. Nf3 e6 3. e3 b6 4. Bd3 Bb7 5. O-O d5 6. b3 Nbd7 7. Bb2 c5 8. Nbd2
Bd6 9. c4 Rc8 10. cxd5 Nxd5 11. dxc5 Nxc5 12. Bb5+ Bc6 13. Bxc6+ Rxc6 14. Bxg7
Rg8 15. Be5 Bxe5 16. Nxe5 Qg5 17. Qf3 Qxe5 18. Nc4 Qe4 19. Qh3 e5 20. Rad1 Nd3
21. f3 Qg6 22. Nxe5 Nxe5 23. Rxd5 Nd3 24. f4 Rc2 25. Rg5 Nf2 26. Qf3 Nd3 27.
Rxg6 Rxg6 28. g3 Kf8 29. e4 Nc1 30. Rf2 Rxa2 31. Rxa2 Nxa2 32. f5 Rc6 33. e5
Nb4 34. e6 a5 35. exf7 Kxf7 36. g4 b5 37. g5 Rc1+ 38. Kf2 Rc6 39. Qh5+ Kg8 40.
Qe8+ Kg7 41. f6+ 1-0

[Event "February TNT"]
[Site "Winnipeg CAN"]
[Date "2016.02.02"]
[Round "1.4"]
[White "Rutter, Blair"]
[Black "Skop, Mike"]
[Result "1-0"]
[WhiteElo "1940"]
[BlackElo "1567"]
[PlyCount "95"]
[EventDate "2016.02.02"]
[EventType "swiss"]
[EventRounds "4"]
[EventCountry "CAN"]

1. c4 e5 2. g3 d5 3. Bg2 c6 4. Qb3 dxc4 5. Qxc4 Be6 6. Qc2 Nf6 7. Nc3 Be7 8. d3
Nd5 9. Nf3 f6 10. O-O Nb4 11. Qd1 O-O 12. a3 N4a6 13. b4 Qd7 14. Be3 Bh3 15. d4
Bxg2 16. Qb3+ Kh8 17. Kxg2 e4 18. Nxe4 Qd5 19. Qxd5 cxd5 20. Nc3 Rd8 21. Rac1
Nc7 22. Rc2 Nd7 23. Rfc1 Nb6 24. Nd2 Ne8 25. Nb5 a6 26. Nc7 Nxc7 27. Rxc7 Rac8
28. Bf4 g5 29. Be3 Bd6 30. Rxc8 Rxc8 31. Rxc8+ Nxc8 32. Nb3 b6 33. Kf3 Kg7 34.
Bd2 Kf7 35. e4 Ke6 36. Ke3 dxe4 37. Kxe4 f5+ 38. Kd3 Be7 39. a4 f4 40. a5 h5
41. gxf4 gxf4 42. axb6 Nxb6 43. Nc5+ Bxc5 44. dxc5 Nd5 45. Kc4 Ke5 46. Bc1 Ke4
47. c6 h4 48. Kc5 1-0

[Event "February TNT"]
[Site "Winnipeg CAN"]
[Date "2016.02.02"]
[Round "1.4"]
[White "Wiebe, Isaac"]
[Black "Atem, James"]
[Result "1-0"]
[WhiteElo "2220"]
[BlackElo "1867"]
[PlyCount "68"]
[EventDate "2016.02.02"]
[EventType "swiss"]
[EventRounds "4"]
[EventCountry "CAN"]

1. e4 e5 2. Nf3 d6 3. d4 exd4 4. Nxd4 g6 5. Nc3 Bg7 6. Be3 Nf6 7. f3 O-O 8. Qd2
Bd7 9. h4 Nc6 10. O-O-O Ne5 11. Bh6 Qe7 12. Bxg7 Kxg7 13. h5 Rh8 14. Be2 c6 15.
h6+ Kf8 16. Nb3 Ne8 17. Kb1 Be6 18. f4 Ng4 19. Rdf1 f5 20. Bxg4 fxg4 21. f5
gxf5 22. Nd4 Nc7 23. Nxf5 Bxf5 24. Rxf5+ Ke8 25. Rhf1 Rd8 26. Qf4 Ne6 27. Qxg4
Rd7 28. e5 d5 29. Rf6 Nd8 30. e6 Rc7 31. Qh5+ Nf7 32. Rxf7 Qxe6 33. R7f6+ Ke7
34. Rxe6+ Kxe6 1-0

[Event "February TNT"]
[Site "Winnipeg CAN"]
[Date "2016.02.09"]
[Round "2.4"]
[White "Atem, James"]
[Black "Leaden, Bruce"]
[Result "1-0"]
[WhiteElo "1843"]
[BlackElo "1545"]
[PlyCount "79"]
[EventDate "2016.02.02"]
[EventType "swiss"]
[EventRounds "4"]
[EventCountry "CAN"]

1. e4 e6 2. d4 d5 3. e5 c5 4. c3 Nc6 5. Nf3 Bd7 6. dxc5 Bxc5 7. b4 Bb6 8. a4 a6
9. a5 Bc7 10. Bg5 f6 11. exf6 Nxf6 12. Bd3 e5 13. Be2 O-O 14. Bxf6 Qxf6 15.
Qxd5+ Be6 16. Qe4 Bf5 17. Bc4+ Kh8 18. Qh4 Qg6 19. O-O e4 20. Nd4 Nxd4 21. cxd4
Bd8 22. Qg3 Qxg3 23. fxg3 Be7 24. b5 axb5 25. Bxb5 Rad8 26. Ra4 Bg6 27. Nd2
Rxf1+ 28. Kxf1 Bf6 29. Nb3 Bf7 30. Nc5 Bd5 31. Nd7 Be7 32. Ke2 Bb3 33. Ra1 Bc4+
34. Bxc4 Rxd7 35. Ke3 Bf6 36. Rd1 Bd8 37. Rf1 Bf6 38. d5 Rd6 39. Kxe4 Kg8 40.
Rb1 1-0